Catálogo

DESIGNING QUALITATIVE RESEARCH (Registro nro. 52443)

Detalles MARC
000 -LEADER
fixed length control field 01083nam a2200205 a 4500
001 - CONTROL NUMBER
control field 52443
005 - DATE AND TIME OF LATEST TRANSACTION
control field 20180714042310.0
008 - FIXED-LENGTH DATA ELEMENTS--GENERAL INFORMATION
fixed length control field 140415s2006 xxu 000 0 spa d
020 ## - INTERNATIONAL STANDARD BOOK NUMBER
International Standard Book Number 1412924898
041 ## - LANGUAGE CODE
Language code of text/sound track or separate title spa
082 ## - DEWEY DECIMAL CLASSIFICATION NUMBER
Classification number 300.72
Item number MAR
100 1# - MAIN ENTRY--PERSONAL NAME
Personal name MARSHALL, CATHERINE
245 10 - TITLE STATEMENT
Title DESIGNING QUALITATIVE RESEARCH
250 ## - EDITION STATEMENT
Edition statement 4ed.
260 ## - PUBLICATION, DISTRIBUTION, ETC.
Place of publication, distribution, etc. ESTADOS UNIDOS DE AMERICA :
Name of publisher, distributor, etc. SAGE PUBLICATIONS,
Date of publication, distribution, etc. 2006
300 ## - PHYSICAL DESCRIPTION
Extent 300
Dimensions 15.2 x 1.5 x 22.5
520 ## - SUMMARY, ETC.
Summary, etc. THE FOURTH EDITION OF THE BEST-SELLING TEXT DESIGNING QUALITATIVE RESEARCH ONCE AGAIN PROVIDES PRAGMATIC GUIDANCE FOR DEVELOPING AND SUCCESSFULLY DEFEDING PROPOSALS FOR QUALITATIVE INQUIRY. WITH EXPANDED COVERAGE OF ETHICS, ANALYSIS PROCESSES, AND APRPROACHES, AUTHORS CATHERINE MARSHALL AND GRETCHEN B. ROSSMAN HAVE UP DATED THIS HIGHLY POPULAR TEXT TO REFLECT THE ADVANCES AND CHALLENGES PRESENTED BY PROVOCATIVE DEVELOPMENTS AND NEW APPLICATIONS SINCE THE PREVIOUS EDITION.
650 14 - SUBJECT ADDED ENTRY--TOPICAL TERM
Topical term or geographic name entry element CIENCIAS SOCIALES
General subdivision INVESTIGACION
-- CIENCIAS SOCIALES
-- METODOLOGIA
700 1# - ADDED ENTRY--PERSONAL NAME
Personal name ROSSMAN, GRETCHEN B.
Relator term coaut.
Existencias
Withdrawn status Lost status Source of classification or shelving scheme Damaged status Not for loan Collection code Home library Current library Shelving location Date acquired Source of acquisition Inventory number Total Checkouts Full call number Barcode Date last seen Date last checked out Price effective from Koha item type
    Dewey Decimal Classification     General Biblioteca Karol Wojtyla Biblioteca Karol Wojtyla Sala general 03/12/2013 Compra 151000000000000000058368 2 300.72 MAR 77948 05/01/2026 05/11/2019 03/12/2013 Libro